Alternative perspectives on mergers

Alternatívne možnosti ohodnocovania podnikov pri fúziách a akvizíciách. Charakterizácia nových prístupov zohľadňujúcich sekvenčný charakter podnikových investícií. Poukázanie na rozdiely, nepresnosti a riziká spojené s alternatívnymi modelmi.

Salvato in:
Dettagli Bibliografici
Autore principale: Polednáková, Anna, 1957-
Natura: Capitolo di libro
Lingua:slovacco
Soggetti:
Tags: Aggiungi Tag
Nessun Tag, puoi essere il primo ad aggiungerne!!

MARC

LEADER 00000nla a2200000 4500
001 0227800
005 20240502083613.7
041 0 |a slo 
044 |a CZ 
245 1 0 |a Alternative perspectives on mergers  |c Anna Polednáková 
520 |a Alternatívne možnosti ohodnocovania podnikov pri fúziách a akvizíciách. Charakterizácia nových prístupov zohľadňujúcich sekvenčný charakter podnikových investícií. Poukázanie na rozdiely, nepresnosti a riziká spojené s alternatívnymi modelmi. 
610 2 0 |a fúzie 
610 2 0 |a akvizícia 
610 2 0 |a podnik 
610 2 0 |a hodnota 
610 2 0 |a teória hier 
100 1 |a Polednáková, Anna, 1957-